000 04664nab a2200289 i 4500
003 BR-BrBNA
005 20251121114144.0
008 251121b2023 bl.ar|pooa||| 00| 0 eng |
040 _aBR-BrBNA
_beng
072 _aF70
100 _aConceição, Lázaro Henrique Soares de Moraes
100 _aSobral, Marcos
100 _aLima, Laura Cristina Pires
100 _aCaxambu, Marcelo Galeazzi
100 _aTemponi, Lívia Godinho
245 _aFloristic inventory of Myrtaceae of Parque Nacional do Iguaçu, Paraná, Brazil
500 _aPublicação on-line; Bibliography p. 21-23 (79 ref.); 3 tables; 6 illus.; Summaries (En, Pt)
520 _a Abstract Myrtaceae is a diverse family in Brazil and the sixth most representative family in the Atlantic Forest. In Paraná, the Parque Nacional do Iguaçu (ParNa Iguaçu) is a large National Park and also one of the largest remnants of this phytogeographic domain. The objective of the present study was to carry out a floristic inventory of the Myrtaceae of the ParNa Iguaçu, presenting an identification key to the species, illustrations, conservation status evaluation, and comments on geographic distribution and phenology. The collections were carried out between May 2019 and March 2020 in two areas composed of Seasonal Semideciduous Forest and a transitional area to Mixed Ombrophilous Forest. In addition to the samples collected by us, material from other herbaria were also examined. Twenty-five native species and one exotic species of Myrtaceae were found, distributed in seven genera. Eugenia was the most representative genus with 11 species. Of the 26 species, seven are new occurrences for ParNa Iguaçu. From the samples collected in this research and other records in the northwest and west regions of the state of Paraná, the presence of Psidium striatulum in Seasonal Semideciduous Forest is confirmed. Eugenia myrciariifolia was the only species on Brazil’s endangered species list, the IUCN conservation status of which is Endangered (EN). The other species were considered as Least Concern (LC), but some of these species are restricted to certain areas or types of vegetation. Therefore, we conclude that ParNa Iguaçu contributes to the maintenance of these species in their natural environment. Key words: Atlantic Forest, diversity, Eugenia, Myrcia, southern Brazil. Resumo Myrtaceae é uma família diversa no Brasil e a sexta família mais representativa da Mata Atlântica. No Paraná o Parque Nacional do Iguaçu (ParNa Iguaçu) é um dos maiores remanescentes desse domínio fitogeográfico. O objetivo do presente estudo foi realizar um inventário florístico das Myrtaceae do Parque Nacional do Iguaçu, apresentando para as espécies encontradas uma chave de identificação, ilustrações, seus status de conservação e comentários sobre distribuição geográfica e fenologia. As coletas foram realizadas entre maio de 2019 a março de 2020 em duas áreas compostas por Floresta Estacional Semidecidual e uma área de transição dessa formação com Floresta Ombrófila Mista. Além das amostras coletadas, foram examinados também materiais de outros herbários. Foram encontradas 25 espécies nativas e uma espécie exótica de Myrtaceae, distribuídas em sete gêneros. Eugenia foi o gênero mais representativo com 11 espécies. Das 26 espécies, sete são novas ocorrências para o ParNa Iguaçu. A partir das amostras coletadas nessa pesquisa e de outros registros nas regiões noroeste e oeste do estado do Paraná confirma-se a presença de Psidium striatulum para Floresta Estacional Semidecidual. Eugenia myrciariifolia é a única espécie presente na Lista brasileira de espécies ameaçadas, apresentando status de conservação da IUCN como Em Perigo (EN). As demais espécies são consideradas como Pouco Preocupantes (LC), porém algumas dessas espécies apresentam-se restritas a algumas áreas ou formações vegetacionais. Desta forma, o ParNa Iguaçu é uma Unidade de Conservação que contribui para a manutenção dessas espécies em seu ambiente natural. Palavras-chave: Mata Atlântica, diversidade, Eugenia, Myrcia, sul do Brazil.
650 _aMATA ATLÂNTICA
650 _aBIODIVERSIDADE
650 _aEUGENIA
650 _aMYRTACEAE
773 0 _0709
_9359038
_dRio de Janeiro-RJ Jardim Botanico do Rio de Janeiro 1935
_o2025-7012
_tRodriguésia (Brazil)
_x0370-6583; 2175-7860 on-line
_gv. 74 p. 1-23; (2023)
_wBR2025004468
856 _uhttps://www.scielo.br/j/rod/a/RZS6Wj4gnP3X3YY4s3xNfRt/?format=pdf&lang=en
942 _cANA
999 _c339143
_d339143